Handbook of methods in aquatic microbial ecology
Tallennettuna:
| Aineistotyyppi: | Kirja |
|---|---|
| Kieli: | Undetermined |
| Julkaistu: |
Boston
Lewis Publishers
1993
|
| Aiheet: | |
| Tagit: |
Lisää tagi
Ei tageja, Lisää ensimmäinen tagi!
|
| Thư viện lưu trữ: | Trung tâm Học liệu Trường Đại học Cần Thơ |
|---|
| LEADER | 00627nam a2200181Ia 4500 | ||
|---|---|---|---|
| 001 | CTU_126629 | ||
| 008 | 210402s9999 xx 000 0 und d | ||
| 082 | |a 576.192 | ||
| 082 | |b H236 | ||
| 245 | 0 | |a Handbook of methods in aquatic microbial ecology | |
| 245 | 0 | |c Edited by Paul F. Kemp, Barry F. Sherr, Evelyn B. Sherr, Jonathan J. Cole | |
| 260 | |a Boston | ||
| 260 | |b Lewis Publishers | ||
| 260 | |c 1993 | ||
| 650 | |a Aquatic microbiology,Microbial ecolgy | ||
| 650 | |x Methodology,Handbook, manuals, etc.,Methodology,Handbook, manuals, etc. | ||
| 904 | |i M.Loan | ||
| 980 | |a Trung tâm Học liệu Trường Đại học Cần Thơ | ||